Engineering economy / (رقم التسجيلة. 37773)
[ عرض عادي ]
| 000 -الفاتح | |
|---|---|
| حقل البيانات ثابتة الطول | 00923cam a22002777a 4500 |
| 001 - رقم الضبط | |
| رقم الضبط | 16581894 |
| 003 - محدد رقم الضبط | |
| رقم الضبط | OSt |
| 005 - وقت وتاريخ اخر تعامل مع التسجيلة | |
| رقم الضبط | 20150729010827.0 |
| 008 - عناصر البيانات ثابتة الطول - معلومات عامة | |
| حقل البيانات ثابتة الطول | 101216s2014 enk b 001 0 eng |
| 010 ## - رقم ضبط مكتبة الكونجرس | |
| رقم ضبط مكتبة الكونجرس | 2010052297 |
| 020 ## - الرقم الدولى المعيارى للكتب | |
| الرقم الدولى المعيارى للكتاب | 9781292019499 |
| 035 ## - رقم ضبط النظام | |
| رقم ضبط النظام | (OCoLC)ocn694080470 |
| 040 ## - مصدر الفهرسة | |
| وكالة الفهرسة الأصلية | DLC |
| وكالة النسخ | DLC |
| وكالة التعديل | CDX |
| -- | EGM |
| -- | DLC |
| 082 00 - رقم تصنيف ديوى العشرى | |
| رقم التصنيف | 658.15 |
| رقم المادة | SWE |
| رقم الطبعة | 22 |
| 100 1# - المدخل الرئيسى - إسم شخصى | |
| الإسم الشخصى | Sullivan, William G. |
| 9 (RLIN) | 49746 |
| 245 10 - بيان العنوان | |
| العنوان | Engineering economy / |
| بيان المسئوليه,etc | William G. Sullivan, Elin M. Wicks, C. Patrick Koelling. |
| 250 ## - بيان الطبعة | |
| بيان الطبعة | 16th ed., global edition. |
| 260 ## - PUBLICATION, DISTRIBUTION, ETC. (IMPRINT) | |
| مكان الناشر او الموزع | Essex, England : |
| اسم الناشر او الموزع | Pearson Education Limited, |
| تاريخ النشر أو التوزيع | 2014. |
| 300 ## - الوصف المادى | |
| التعداد | xx, 694 p. : |
| تفاصيل ماديه اخرى للوعاء | ill. ; |
| أبعاد الوعاء | 25 cm. |
| 504 ## - تبصرة ببليوجرافية | |
| تبصرة ببليوجرافية,الخ | Includes bibliographical references and index. |
| 650 #0 - المدخل الاضافى بالموضوع-مصطلح موضوعى | |
| مصطلح موضوعي أو اسم جغرافي كعنصر مدخل | Engineering economy. |
| 9 (RLIN) | 49747 |
| 700 1# - المدخل الاضافى - اسم شخصى | |
| الإسم الشخصى | Wicks, Elin M. |
| 9 (RLIN) | 49748 |
| 700 1# - المدخل الاضافى - اسم شخصى | |
| الإسم الشخصى | Koelling, C. Patrick |
| 9 (RLIN) | 49749 |
| 942 ## - عناصر المدخل الإضافي( كوها) | |
| مصدر التصنيف او مخطط الترفيف | Dewey Decimal Classification |
| Koha [default] item type | كتاب |
| حالة الفقد | نموذج السعر الفعال | حالة تلف | ليس للاعارة | رقم الطلب | رقم النسخة | تاريخ الاكتساب | الموقع الحالي | الباركود | الفرع الرئيسي | Date last seen | نوع المادة فى نظام كوها | مصدر التصنيف او خطة الترفيف | Total Checkouts |
|---|---|---|---|---|---|---|---|---|---|---|---|---|---|
| 2015-07-29 | Not For Loan | 658.15 SWE | 1 | 2015-07-29 | المكتبة المركزية بالمجمعة (CL) | 00216327 | المكتبة المركزية بالمجمعة (CL) | 2015-07-29 | كتاب | Dewey Decimal Classification | |||
| 2015-07-29 | 658.15 SWE | 2 | 2015-07-29 | المكتبة المركزية بالمجمعة (CL) | 00216328 | المكتبة المركزية بالمجمعة (CL) | 2015-07-29 | كتاب | Dewey Decimal Classification | ||||
| 2015-07-29 | 658.15 SWE | 3 | 2015-07-29 | المكتبة المركزية بالمجمعة (CL) | 00216329 | المكتبة المركزية بالمجمعة (CL) | 2015-07-29 | كتاب | Dewey Decimal Classification |
